ბათუმის შოთა რუსთაველის სახელმწიფო უნივერსიტეტის ბიბლიოთეკა

სიმონ ჯანაშია (1900-1947) : (ბიბ.ჩანაწერი № 36314)

000 -ლიდერი
ფიქსირებული სიგრძის საკონტროლო ველი 01021nam a2200253Ia 4500
001 - საკონტროლო ნომერი
საკონტროლო ველი 2221
003 - საკონტროლო ნომრის იდენტიფიკატორი
საკონტროლო ველი GE_BSU
005 - ბოლო ოპერაციის თარიღი და დრო
საკონტროლო ველი 20190520161050.0
008 - ფიქსირებული სიგრძის მონაცემთა ელემენტები - ზოგადი ინფორმაცია
ფიქსირებული სიგრძის საკონტროლო ველი 181216s1976||||ge |||||||||||||| ||geo||
040 ## - კატალოგიზაციის წყარო
Transcribing agency GE_BSU
041 ## - ენის კოდი
Language code of text/sound track or separate title geo
080 ## - უნივერსალური ათობითი კლასიფიკაციის ინდექსი
Universal Decimal Classification number 016:94(479.22) ჯ-20
245 ## - ცნობა სათაურის შესახებ
Remainder of title ბიობიბლიოგრაფია /
Title სიმონ ჯანაშია (1900-1947) :
Statement of responsibility, etc შემდგ.: მ. ბარკავა, ე. დოლიძე.
260 ## - გამოქვეყნების, გავრცელების, და სხვა. ცნობები
Place of publication, distribution, etc თბილისი
260 ## - გამოქვეყნების, გავრცელების, და სხვა. ცნობები
Name of publisher, distributor, etc მეცნიერება
260 ## - გამოქვეყნების, გავრცელების, და სხვა. ცნობები
Date of publication, distribution, etc 1978
300 ## - ფიზიკური აღწერა
Extent 154 გვ.;
Other physical details 20 სმ.
653 ## - INDEX TERM--UNCONTROLLED
Uncontrolled term ჯანაშია სიმონ - ბიობიბლიოგრაფია
653 ## - INDEX TERM--UNCONTROLLED
Uncontrolled term ისტორიული ლიტერატურა
653 ## - INDEX TERM--UNCONTROLLED
Uncontrolled term ბიობიბლიოგრაფია
700 ## - ADDED ENTRY--PERSONAL NAME
Personal name ბარკავა, მ.
Relator term შემდგენელი
9 (RLIN) 1426
700 ## - ADDED ENTRY--PERSONAL NAME
Personal name დოლიძე, ე.
Relator term შემდგენელი
9 (RLIN) 1427
942 ## - ADDED ENTRY ELEMENTS (KOHA)
Koha item type წიგნი
Source of classification or shelving scheme
ეგზემპლარები
ჩამოწერის სტატუსი დაკარგული ეგზემპლარის სტატუსი კლასიფიკაციის წყარო ან თაროზე გაწყობის სქემა დაზიანების სტატუსი არ გაიცემა მუდმივი მდებარეობა (დაცვის ადგილი) ამჟამინდელი ადგილსამყოფელი თაროზე განთავსების ადგილი შეძენის თარიღი ღირებულება, შესყიდვის ნორმალური ფასი სრული შენახვის შიფრი შტრიხკოდი ბოლო ოპერაციის თარიღი ეგზემპლარის მიმდევრობითი ნომერი (კეტერი?) ფასის ძალაში შესვლის თარიღი ეგზემპლარის სახეობა საჯარო შენიშვნა
          ბათუმის შოთა რუსთაველის სახელმწიფო უნივერსიტეტის მთავარი ბიბლიოთეკა ბათუმის შოთა რუსთაველის სახელმწიფო უნივერსიტეტის მთავარი ბიბლიოთეკა წიგნსაცავი 2018-12-17 6.00 016:94(479.22) ჯ-20 4268 2018-12-17 4268 2018-12-17 წიგნი 6 ლ.